00862 a2200145 4500003000500000005001700005020001500022040000900037082001200046245003200058260003800090300000900128505056200137650001700699Nust20221021123426.0 a007463643X cNust a621,MEC aMechatronics /cHMT Limited aNew DelhibTata McGraw-Hillc1998 a461p aIntroduction (Page-1), Introduction to Modern CNC Machines and Manufacturing Systems (Page-6), Electronic for Mechanical Engineers (Page-29), Mechanical Systems for Electronics Engineers (Page-79), Design of Modern CNC Machines and Machatronic Elements (Page-135), Assembly Techniques (Page-184), Drives and Electronicals (Page-240), CNC Systems (Page-308), Programming and Operation of CNC Machines (Page-338), Testing of Machine Tools (Page-378), Industrial Design Aesthetics and Ergonomics (Page-434), Introduction to Computers and CAD/ CAM (Page-448).  aMechatronics